000 00335 a2200157 4500
001 179929
020 _a
040 _cMagnum
100 _aQuinaud, Rosa
240 1 0 _aA arvore que virou palito
_lpor
245 1 0 _aA arvore que virou palito
362 0 _a1899
440 1 _aDimensão
697 _aMAGNITO: I/GERAL
942 _cBK
999 _c179929
_d179929